000 00485nam a2200193 a 4500
001 1761205392317
003 ACL
005 20251023131505.0
008 251023s2006##################000#0#eng##
020 _a9780849371493
082 0 4 _a658.575
_bTHO
100 1 _aThomas, Marlin U.,
_eauthor.
245 1 0 _aReliability and Warranties :
260 _bCRC Press,
_c2006.
300 _a214 pages
650 0 _aTechnology & Engineering.
942 _cENGLISH
040 _aACL
_beng
_cACL
999 _c592849
_d592849